000 01366nam2a22002411 4500
001 rc\549015
005 20250621164627.0
035 _a(NLR Aleph) 005813022
090 _a5403921
_c5403921
100 _a20030616d1987 |||y0rusy50 ca
101 0 _arus
102 _aRU
105 _ay |||||||||
200 0 _aТемы №№ 6-9
210 _d1987
_aБ. м.
215 _a64 с.
333 _aДСП. Экз. № 00006
461 0 _1001rc\549012
_12001#$aСборник задач по дисциплине "Денежное довольствие военнослужащих и заработная плата рабочих и служащих СА"$f[Сост. Черненко В.К.]$gМ-во высш. и сред. спец. образования ЛитССР, Вильнюс. гос. ун-т им. В. Капсукаса$vТемы №№ 6-9
_1700#1$aЧерненко$bВ.К.$gВладимир Карлович
_95403894
_aЧерненко, В.К.
_cВильнюс
_d1987
_f[Сост. Черненко В.К.]
_nВГУ
_tСборник задач по дисциплине "Денежное довольствие военнослужащих и заработная плата рабочих и служащих СА"
_vТемы №№ 6-9
801 0 _aRU
_bNLR
_gpsbo
801 1 _aRU
_bELAR
_2rusmarc
852 _aNLR
_j88-50К/10350
942 _cBOOK
980 _aNB